00473nam a2200169Ia 4500008004100000082000800041100002400049245003300073250000600106260002800112300001000140500002400150650001500174942000700189952009000196999001700286230524s9999 xx 000 0 und d bSEN aAnita Sengar941989 0aIT Infrastructure Management a2 aNew DelhibKatsonc2009 a307p: aQuantity Number: 1 aManagement cBK 00104070aTATCLbTATCLcGENd2023-05-24l0o SENp53848r2023-05-24w2023-05-24yBK c56406d56406